000 00569nam a2200133Ia 4500
008 100328s9999 xx 000 0 und d
082 _b73154
100 _aसोहोनी लीना-अनु.(मूळ लेखक -अरविंद अडिगा).
245 _aद व्हाईट टायगर (The White Tiger).
260 _bमेहता पब्लिशिंग हाऊस.
630 _aद व्हाईट टायगर (The White Tiger).
730 _aद व्हाईट टायगर (The White Tiger).
942 _cBOOK
999 _c558875
_d558872